Quiz italien-anglais - Statistiques

Statistiques générales
  • Ce quiz a été pris 4 fois
  • Le résultat moyen est 22 sur 43
Statistiques - réponses
anglais italien % Correct
artwork opera d'arte
100%
piece pezzo
100%
mustard senape
100%
bark abbaiare
67%
needle ago
67%
cheat barrare
67%
whisper bisbigliare
67%
sew cucire
67%
unemployed disoccupato
67%
iron ferro da stiro
67%
owl gufo
67%
mole neo
67%
stage palco
67%
diaper pannolino
67%
comparison paragone
67%
miss the bus perdere l'autobus
67%
parchment pergamena
67%
get pregnant rimanere incinta
67%
yawn sbadigliare
67%
shelf scaffale
67%
waste spreco
67%
burn bridges tagliare i ponti
67%
hook uncino
67%
lighter accendino
33%
coat rack attaccapanni
33%
housewife casalinga
33%
barge chiatta
33%
seal foca
33%
rubber gomma
33%
hanger gruccia
33%
freckle lentiginne
33%
grief lutto
33%
fin pinna
33%
wrist polso
33%
accountant ragioniere
33%
radish ravanello
33%
rocket razzo
33%
shield scudo
33%
rub strofinare
33%
faint svenire
33%
throught tramite
33%
smash schiacciata
0%
dish towel strofinaccio
0%
Aucun quiz correspondant
Distribution des résultats
% des personnes avec chaque résultat
Percentile par nombre de réponses
Votre historique - résultats
Vous n’avez pas pris ce quiz